00593nam a2200193Ia 450000500170000000800410001702000260005804000190008404100120010308200170011510000200013224500880015226000280024030000090026863000360027765000350031365100230034870000280037120230327102720.0131103s9999 xx 000 0 und d a8170462916cRs.140.00 aLoreto College aEnglish a891.443bDEB aDebi, Mahasweta aBedanabala b Her life, Her times cMahasweta Debi.Translated by Sunandini Banerjee aCalcuttabSeagullc2005 a73p  aFiction translated from Bengali aLiterature in Indian Languages aFiction in Bengali aBanerjee, Sunandini, tr